| 000 | 00382 a2200169 4500 | ||
|---|---|---|---|
| 001 | 191489 | ||
| 020 | _a85-7302-602-2 | ||
| 040 | _cMagnum | ||
| 100 | _aRodrigues, Ernesto Carneiro | ||
| 240 | 1 | 0 |
_aAyrton: o herói revelado _lpor |
| 245 | 1 | 0 | _aAyrton: o herói revelado |
| 300 | _a639 | ||
| 362 | 0 | _a2004 | |
| 440 | 1 | _aObjetiva | |
| 697 | _aBIOGRAFIAS E AFINS | ||
| 942 | _cBK | ||
| 999 |
_c191489 _d191489 |
||